Statistics for Taylor Swift - Tim McGraw Lyrics

Click here to take the quiz!

General Stats

  • This quiz has been taken 23 times
  • The average score is 327 of 366

Answer Stats

Lyrics% Correct
a
100%
blue
100%
eyes
100%
He
100%
hope
100%
I
100%
jeans
100%
McGraw
100%
me,
100%
me
100%
my
100%
night
100%
of
100%
On
100%
on
100%
said,
100%
said
100%
song
100%
that
100%
that,
100%
That
100%
the
100%
The
100%
then
100%
Think
100%
think
100%
Tim
100%
to
100%
To
100%
When
100%
when
100%
"When
100%
you
100%
all
93%
And
93%
black
93%
dress
93%
favorite
93%
had
93%
in
93%
long
93%
stars
93%
way
93%
we
93%
your
93%
But
86%
chest
86%
danced
86%
Georgia
86%
happiness
86%
head
86%
lie"
86%
little
86%
old
86%
one
86%
shined
86%
"That's
86%
those
86%
truck
86%
back
79%
boy
79%
faded
79%
for
79%
Is
79%
Is,
79%
Just
79%
lake
79%
like
79%
Put
79%
shame
79%
summer
79%
at
71%
Chevy
71%
first
71%
him
71%
it
71%
letter
71%
not
71%
Oh,
71%
place"
71%
radio
71%
read
71%
tendency
71%
thing
71%
up
71%
was
71%
bed
64%
beneath
64%
box
64%
doorstep
64%
From
64%
gettin'
64%
gone
64%
I'm
64%
it's
64%
It's
64%
left
64%
moon
64%
never
64%
see
64%
since
64%
spotlight
64%
standin'
64%
street
64%
stuck
64%
summers
64%
tears
64%
there
64%
there's
64%
time
64%
you'll
64%
backroads
57%
believe
57%
beside
57%
bittersweet
57%
find
57%
God
57%
hard
57%
here
57%
month
57%
nice
57%
right
57%
saw
57%
September
57%
Someday
57%
takes
57%
thankin'
57%
three
57%
turn
57%
weren't
57%
woke
57%
lookin'
50%
mmm
43%

Score Distribution

Percentile by Number Answered

Percent of People with Each Score

Your Score History

You have not taken this quiz